| 000 | 00439nam a2200169 a 4500 | ||
|---|---|---|---|
| 001 | 1878 | ||
| 003 | CO-ViMGA | ||
| 008 | 141112s2004 ck r 000 u spa d | ||
| 040 |
_aCO-ViMGA _bspa _cCO-ViMGA |
||
| 082 | 0 | 4 | _aCo867.44 C111e |
| 100 | 1 | _aCaballero Calderón, Lucas | |
| 245 | 1 | 0 | _aEpistolario de un joven pobre |
| 260 |
_aBogotá : _bAncora, _c1985 |
||
| 300 | _a119 p | ||
| 650 | 1 | 4 |
_aHUMANISMO COLOMBIANO _950442 |
| 942 |
_2ddc _cBK |
||
| 999 |
_c14031 _d14031 |
||